Southville International School and Colleges
Your cart is empty.
  • Cart
  • Lists
    Public lists Eva Luna New books Lux_list list_1
    Your lists Log in to create your own lists
  • Log in to your account
  • Your cookies
  • Search history
Southville International School and Colleges
  • Advanced search
  • Recent comments
  • Most popular
  • Libraries

Log in to your account

Log in with GOOGLE


If you do not have an external account, but do have a local account, you can still log in:

  1. Home
  2. MARC view: The elements of moral philosophy /
Normal view MARC view ISBD view

The elements of moral philosophy / (Record no. 22873)

[ view plain ]
MARC details
000 -LEADER
fixed length control field 00608nam a2200205 a 4500
003 - CONTROL NUMBER IDENTIFIER
control field PILC
005 - DATE AND TIME OF LATEST TRANSACTION
control field 20160216104143.0
008 - FIXED-LENGTH DATA ELEMENTS--GENERAL INFORMATION
fixed length control field 080204s19uu xx 00 eng d
020 ## - INTERNATIONAL STANDARD BOOK NUMBER
International Standard Book Number 978071107280
050 ## - LIBRARY OF CONGRESS CALL NUMBER
Classification number BJ 1012
Item number .R29 2007
100 ## - MAIN ENTRY--PERSONAL NAME
Personal name Rachels, James.
245 ## - TITLE STATEMENT
Title The elements of moral philosophy /
Statement of responsibility, etc James Rachels; fifth edition by Stuart Rachels.
260 ## - PUBLICATION, DISTRIBUTION, ETC. (IMPRINT)
Place of publication, distribution, etc U.S.A :
Name of publisher, distributor, etc McGraw-Hill,
Date of publication, distribution, etc 2007.
300 ## - PHYSICAL DESCRIPTION
Extent xii, 210 pages ;
Dimensions 22 cm.
500 ## - GENERAL NOTE
General note Includes bibliographical references and index.
650 ## - SUBJECT ADDED ENTRY--TOPICAL TERM
Topical term or geographic name as entry element Ethics.
700 ## - ADDED ENTRY--PERSONAL NAME
Personal name Rachels, Stuart.
942 ## - ADDED ENTRY ELEMENTS (KOHA)
Koha item type Books
Source of classification or shelving scheme Library of Congress Classification
Call number prefix Foreign
Holdings
Withdrawn status Lost status Source of classification or shelving scheme Damaged status Home library Current library Shelving location Date acquired Source of acquisition Cost, normal purchase price Total Checkouts Full call number Barcode Date last seen Copy number Price effective from Koha item type
    Library of Congress Classification   College Library College Library General Circulation Section 02/04/2008 Library Fund 2036.00   BJ 1012 .R29 2007 C9126 05/15/2018 1 10/18/2013 Books

The elements of moral philosophy /

APA

Rachels J., Rachels S., . (2007). The elements of moral philosophy. U.S.A: McGraw-Hill.

Chicago

Rachels James, Rachels Stuart, . 2007. The elements of moral philosophy. U.S.A: McGraw-Hill.

Harvard

Rachels J., Rachels S., . (2007). The elements of moral philosophy. U.S.A: McGraw-Hill.

MLA

Rachels James, Rachels Stuart, . The elements of moral philosophy. U.S.A: McGraw-Hill. 2007.

  • Place hold
  • Print
  • Cite
  • Add to your cart (remove)
  • Save record
    BIBTEX Dublin Core MARCXML MARC (non-Unicode/MARC-8) MARC (Unicode/UTF-8) MARC (Unicode/UTF-8, Standard) MODS (XML) RIS
  • More searches
    Search for this title in:
    Other Libraries (WorldCat) Other Databases (Google Scholar) Online Stores (Bookfinder.com) Open Library (openlibrary.org)

Exporting to Dublin Core...

SOUTHVILLE LIBRARY

Southville International School and Colleges Library

1281 Tropical Ave. Cor. Luxembourg St., BF Homes International, Las Pinas City

Tel. No. 8256374 / 252358 Loc. 117/146

Powered by Koha